Ancient glass : an interdisciplinary exploration /

"This book provides an integrated interdisciplinary approach to the study of a complex and fascinating ancient material. A variety of aspects of ancient glass is discussed including principally archaeology, history, chemical analysis, materials science, geology and botany. The aims of the book...

Full description

Bibliographic Details
Main Author: Henderson, Julian, 1953-
Corporate Author: ebrary, Inc
Format: eBook
Language:English
Published: Cambridge ; New York : Cambridge University Press, 2013.
Subjects:
Online Access:Connect to the full text of this electronic book

MARC

Tag First Indicator Second Indicator Subfields
LEADER 00000cam a2200000 a 4500
001 in00002814101
006 m o d
007 cr cn|||||||||
008 120514s2013 enka ob 001 0 eng d
005 20250816222702.6
010 |z  2012017636 
020 |z 9781107006737 (hardback) 
020 |z 9781139611930 (e-book) 
035 |a (CaPaEBR)ebr10643412 
035 |a (OCoLC)828735569 
040 |a CaPaEBR  |c CaPaEBR  |d UtOrBLW 
050 1 4 |a TP850  |b .H46 2013eb 
082 0 4 |a 748.2009/01  |2 23 
100 1 |a Henderson, Julian,  |d 1953- 
245 1 0 |a Ancient glass :  |b an interdisciplinary exploration /  |c Julian Henderson. 
264 1 |a Cambridge ;  |a New York :  |b Cambridge University Press,  |c 2013. 
300 |a 1 online resource (xx, 433 pages) :  |b illustrations 
336 |a text  |b txt  |2 rdacontent 
337 |a computer  |b c  |2 rdamedia 
338 |a online resource  |b cr  |2 rdacarrier 
504 |a Includes bibliographical references and index. 
505 8 |a Machine generated contents note: 1. Glass as a material: a technological background in fiaence, pottery and metal?; 2. Ways to flux silica: ashes and minerals; 3. Silica, lime and glass colorants; 4. Glass chemical compositions; 5. Early glass: archaeology; 6. Scientific analysis of early glass; 7. Hellenistic to Roman: a change from small- to large-scale glass production?; 8. Scientific studies of Hellenistic and early Roman glass; 9. Islamic glass: technological continuity and innovation; 10. Chemical analyses of Islamic glasses; 11. The provenance of ancient glass; 12. Conclusions. 
520 |a "This book provides an integrated interdisciplinary approach to the study of a complex and fascinating ancient material. A variety of aspects of ancient glass is discussed including principally archaeology, history, chemical analysis, materials science, geology and botany. The aims of the book are to explore these aspects by using a combination of focused studies and case studies in a variety of ancient and historical periods. Each case study, in Bronze Age Mesopotamia, Late Hellenistic-early Roman Middle East and the Islamic world, has been selected so as to incorporate contrasting social, political, economic and ritual contexts in which glass was manufactured, traded and used. These contrasting characteristics of societies therefore influenced the ways in which glass fitted into society: the ways in which it was manufactured and used. The relationships between production, trade and use of ancient materials including glass are complex. The scale of production involving a range of facilities and critical combinations of raw materials from a variety of sources were characteristic of the specific society and their ideologies. Each step in the chan̋e oppřatoire involved decisions, each with a social impact and significance leading to the manufacture of glass artefacts characteristic of that society. The control over each aspect of production was a reflection of the degree of social hierarchy, (perhaps involving social elites) and complexity at the time"--  |c Provided by publisher. 
500 |a Electronic resource. 
650 0 |a Glassware, Ancient. 
650 0 |a Glassware, Classical. 
650 0 |a Glass manufacture  |x History. 
655 7 |a Electronic books.  |2 local 
710 2 |a ebrary, Inc. 
856 4 0 |u https://ebookcentral.proquest.com/lib/tamucs/detail.action?docID=1099839  |y Connect to the full text of this electronic book  |t 0 
980 |a 130305  |b 110  |c USD  |e 110  |f YBP_EBR0000055056  |g 1 
999 f f |s c1cbe764-a862-310f-84b2-a2f3b8b709e6  |i 797d43f3-7676-35ac-bda1-e91a3d0ddbd5  |t 0 
999 |a MARS 
952 f f |a Texas A&M University  |b College Station  |c Electronic Resources  |d Available Online  |t 0  |e TP850 .H46 2013eb  |h Library of Congress classification 
998 f f |a TP850 .H46 2013eb  |t 0  |l Available Online